| 000 | 00548nam a2200145Ia 4500 | ||
|---|---|---|---|
| 008 | 170221s9999 xx 000 0 und d | ||
| 100 | _aTania Cantrell Rosas-Moreno | ||
| 245 | 2 | _aA Comparative Analysis of a Shared (Inter)National Story: How Brazilian and US Presses Covered Sean Goldman’s Recovery | |
| 245 | _cTania Cantrell Rosas-Moreno, Dustin Harp | ||
| 260 | _bStudies in Media and Communication | ||
| 260 | _c2016 | ||
| 650 | _xCommunication | ||
| 650 | _xMedia Arts | ||
| 856 | _uhttp://redfame.com/journal/index.php/smc/issue/view/3 | ||
| 999 |
_c309116 _d309116 |
||